000 02053nam0a2200421 4500
001 RU\NLR\bibl\563443
005 20260405203110.0
010 _a5-88954-132-3
_bв пер.
_9250
021 _aRU
_b2004-18117
_9928
035 _aRSL-KNO-002418542
035 _a(NLR Aleph) 000555547
090 _a1499560
_c1499560
100 _a20040401d2004 |||y0rusy50 ca
101 0 _arus
102 _aRU
105 _aac |||||||||
106 _ar
135 _acrmn mmmanaba
200 1 _aТеория строения ткани
_fГ.В. Степанов, С.Г. Степанов
_gМ-во образования Рос. Федерации, Гос. образоват. учреждение высш. проф. образования "Иван. гос. текстил. акад."
210 _aИваново
_c[Иван. гос. текстил. акад.]
_d2004
_eРИО Иван. обл. тип.
215 _a491 с.
_cил., портр., табл.
_d22
320 _aБиблиогр.: с. 484-487 (55 назв.)
325 1 _aКопия доступна в электронной библиотеке РНБ
606 0 _aТкани
_xПроектирование
_91757547
_3RU\NLR\auth\661083267
686 _aМ304-2,07
_2rubbk
686 _aМ304-2
700 1 _4070
_8rus
_7ca
_aСтепанов
_bГ. В.
_cд-р техн. наук
_f1931-
_gГай Васильевич
_3RU\NLR\auth\7790530
_973457
701 1 _4070
_8rus
_7ca
_aСтепанов
_bС. Г.
_f1956-
_gСергей Гаевич
_cд-р техн. наук
_3RU\NLR\auth\7780589
_963517
801 0 _aRU
_bRuMoRKP
_c20040401
_gPSBO
801 1 _aRU
_bRuMoRKP
_c20040401
801 2 _aRU
_bNLR
_c20041015
_gPSBO
901 _eКнижные издания
942 _cBOOK
980 _aNB
980 _aNBR
981 1 3 _a(13) Документы, защищенные авторским правом
_b(13) Современная научная, научно-популярная и популярная л